[Event "Hradec Kralove op 13th"]
[Site "Hradec Kralove"]
[Date "2023.11.07"]
[Round "4"]
[White "Barabas, Ales"]
[Black "Rusnak, Jan"]
[Result "0-1"]
[WhiteElo "1759"]
[BlackElo "1971"]
[PlyCount "102"]
[EventDate "2023.11.04"]
[EventType "swiss"]
[EventRounds "9"]
[EventCountry "CZE"]
[SourceTitle "CB46_2023"]
[SourceDate "2023.11.15"]
[SourceVersion "1"]
[SourceVersionDate "2023.11.15"]
[SourceQuality "1"]

1. Nf3 Nc6 2. d4 d5 3. g3 Bg4 4. Bg2 Qd7 5. Nbd2 Nf6 6. Ne5 Nxe5 7. dxe5 Ng8 8. Nf3 e6 9. c3 Ne7 10. h3 Bxf3 11. exf3 0-0-0 12. 0-0 d4 13. cxd4 Qxd4 14. Qxd4 Rxd4 15. Be3 Rb4 16. b3 Nd5 17. f4 Nxe3 18. fxe3 Bc5 19. Kf2 a5 20. Rac1 Bb6 21. Rfd1 a4 22. Rc4 Rxc4 23. bxc4 c6 24. Be4 Kc7 25. Kf3 Bc5 26. Bc2 b5 27. cxb5 cxb5 28. Rb1 Kc6 29. g4 h6 30. Rd1 Rc8 31. Be4+ Kc7 32. Bd3 Kb6 33. Rb1 b4 34. Ke2 Be7 35. Kd2 Rc3 36. Rc1 Ra3 37. Rc2 b3 38. axb3 axb3 39. Rb2 Bb4+ 40. Kd1 Bc3 41. Rb1 Kc5 42. h4 Kb4 43. Bc2 Kc4 44. Bxb3+ Rxb3 45. Rxb3 Kxb3 46. Ke2 Kc4 47. Kf3 Kd5 48. h5 Bd2 49. Ke2 Bc1 50. Kf3 Bb2 51. Ke2 Ke4 0-1

[Event "Hradec Kralove Region-chT 2223"]
[Site "Czech Republic"]
[Date "2023.03.19"]
[Round "10.2"]
[White "Rusnak, Jan"]
[Black "Novotny, Josef"]
[Result "1-0"]
[WhiteElo "1963"]
[BlackElo "2017"]
[PlyCount "91"]
[EventDate "2022.10.09"]
[EventType "team-tourn"]
[EventRounds "11"]
[EventCountry "CZE"]
[SourceTitle "EXT 2024"]
[Source "ChessBase"]
[SourceDate "2023.10.10"]
[SourceVersion "1"]
[SourceVersionDate "2023.10.10"]
[SourceQuality "1"]

1. e4 e6 2. f4 d6 3. Nf3 Nf6 4. Nc3 Nc6 5. Qe2 e5 6. fxe5 dxe5 7. d3 Bg4 8. Be3 Nd4 9. Bxd4 exd4 10. Nd5 c6 11. Nxf6+ Qxf6 12. a3 0-0-0 13. Qf2 h5 14. Be2 Be7 15. Nd2 Qxf2+ 16. Kxf2 Be6 17. c4 dxc3 18. bxc3 g5 19. d4 g4 20. Bc4 Bg5 21. Bxe6+ fxe6 22. Ke2 e5 23. Nb3 Rhe8 24. Kd3 Be7 25. Rhf1 Rf8 26. a4 h4 27. Rf5 Rxf5 28. exf5 exd4 29. cxd4 Bd6 30. h3 Rg8 31. Re1 gxh3 32. gxh3 Bf4 33. Rf1 Rg3+ 34. Ke4 Bg5 35. Rf3 Rxf3 36. Kxf3 b6 37. Ke4 Kd7 38. Na1 a5 39. d5 c5 40. Nc2 Bc1 41. f6 Bb2 42. Kf5 c4 43. Kg6 Ke8 44. f7+ Kf8 45. d6 Be5 46. Nd4 1-0

[Event "Prague Menchik Memorial Rapid"]
[Site "Prague"]
[Date "2022.06.05"]
[Round "2"]
[White "Pachmann, Ales"]
[Black "Rusnak, Jan"]
[Result "1-0"]
[WhiteElo "2288"]
[BlackElo "1985"]
[PlyCount "67"]
[EventDate "2022.06.05"]
[EventType "swiss (rapid)"]
[EventRounds "7"]
[EventCountry "CZE"]
[SourceTitle "CBM 208 Extra"]
[Source "ChessBase"]
[SourceDate "2022.07.31"]
[SourceVersion "1"]
[SourceVersionDate "2022.07.31"]
[SourceQuality "1"]

1. e4 Nf6 2. e5 Nd5 3. d4 d6 4. Nf3 g6 5. Be2 Bg7 6. 0-0 0-0 7. c4 Nb6 8. exd6 cxd6 9. h3 e5 10. Nc3 Nc6 11. dxe5 dxe5 12. c5 Nd7 13. Be3 h6 14. Qd2 Kh7 15. Bc4 f5 16. Qd5 Ne7 17. Qd6 e4 18. Nd4 Be5 19. Ne6 Bxd6 20. cxd6 Nc6 21. Nxd8 Rxd8 22. Nd5 Nde5 23. Bb3 Rxd6 24. Rad1 Nd3 25. f3 Na5 26. fxe4 Nxb3 27. axb3 fxe4 28. Nf6+ Rxf6 29. Rxf6 Kg7 30. Bd4 Kh7 31. Rf7+ Kg8 32. Rg7+ Kf8 33. Rf1+ Ke8 34. Rff7 1-0

[Event "Pardubice Chladek&Tintera op"]
[Site "Pardubice"]
[Date "2014.07.17"]
[Round "4"]
[White "Zhylkaidarova, Sholpan"]
[Black "Rusnak, Jan"]
[Result "1/2-1/2"]
[WhiteElo "2098"]
[BlackElo "2002"]
[PlyCount "130"]
[EventDate "2014.07.16"]
[EventType "swiss (rapid)"]
[EventRounds "9"]
[EventCountry "CZE"]
[SourceTitle "EXT 2015"]
[Source "ChessBase"]
[SourceDate "2014.11.20"]
[SourceVersion "1"]
[SourceVersionDate "2014.11.20"]
[SourceQuality "1"]

1. d4 e6 2. c4 b6 3. Nc3 Bb7 4. e4 Bb4 5. Qc2 Qh4 6. Bd3 f5 7. g3 Qe7 8. Nge2 Nf6 9. 0-0 Bxc3 10. Nxc3 Nc6 11. d5 Nb4 12. Qb1 Nxd3 13. Qxd3 fxe4 14. Nxe4 Nxe4 15. Qxe4 0-0-0 16. Bf4 g5 17. Be3 Rde8 18. Rfd1 exd5 19. Qxe7 Rxe7 20. Bxg5 Re2 21. cxd5 Rf8 22. Be3 Rxb2 23. a4 d6 24. Rd4 Rf5 25. Rad1 Kd7 26. g4 Rf7 27. g5 Rf5 28. Rh4 Rf7 29. Rdd4 c5 30. Rd1 Rb4 31. Rxb4 cxb4 32. Rb1 Bxd5 33. Rxb4 Bf3 34. h4 d5 35. Kh2 Be4 36. a5 bxa5 37. Ra4 Ke6 38. Rxa5 Kf5 39. Kg3 Ke5 40. Bxa7 Rf3+ 41. Kh2 Bf5 42. Bb8+ Ke4 43. Bg3 d4 44. Re5+ Kd3 45. Kg2 Be4 46. Kg1 Rf5 47. Re7 Rb5 48. Kh2 Bf5 49. Bf4 Kc2 50. Re8 Rd5 51. Re2+ Kd1 52. Rd2+ Ke1 53. Kg3 d3 54. h5 Rc5 55. Ra2 Rc2 56. Rxc2 dxc2 57. Be3 Ke2 58. Kf4 Bd3 59. Ke5 Kf3 60. Kf6 Kg4 61. g6 hxg6 62. hxg6 Kf3 63. g7 Bc4 64. Ke5 c1Q 65. Bxc1 Kxf2 1/2-1/2

[Event "Pardubice Chladek&Tintera op"]
[Site "Pardubice"]
[Date "2014.07.16"]
[Round "2"]
[White "Novotny, Ales"]
[Black "Rusnak, Jan"]
[Result "0-1"]
[WhiteElo "1865"]
[BlackElo "2002"]
[PlyCount "76"]
[EventDate "2014.07.16"]
[EventType "swiss (rapid)"]
[EventRounds "9"]
[EventCountry "CZE"]
[SourceTitle "EXT 2015"]
[Source "ChessBase"]
[SourceDate "2014.11.20"]
[SourceVersion "1"]
[SourceVersionDate "2014.11.20"]
[SourceQuality "1"]

1. c4 e5 2. g3 Nf6 3. Bg2 d5 4. cxd5 Nxd5 5. d3 c6 6. Nf3 f6 7. Bd2 Be6 8. Nc3 Qd7 9. 0-0 Bh3 10. Bxh3 Qxh3 11. Qb3 Nxc3 12. bxc3 b6 13. a4 Nd7 14. a5 b5 15. Be3 a6 16. c4 h5 17. cxb5 cxb5 18. Qd5 Rd8 19. Rac1 g5 20. Rc6 Nb8 21. Qe6+ Qxe6 22. Rxe6+ Kf7 23. Rb6 Bb4 24. Rb7+ Rd7 25. Rxd7+ Nxd7 26. Rb1 Bxa5 27. Ra1 Bc3 28. Rxa6 b4 29. Bd2 g4 30. Bxc3 bxc3 31. Ne1 Rc8 32. Nc2 Nc5 33. Ra3 Ne6 34. e3 Ng5 35. Kf1 Nf3 36. Ra4 Rb8 37. Ra1 Rb2 38. Rc1 Nd2+ 0-1

[Event "Janske Lazne op"]
[Site "Janske Lazne"]
[Date "2013.05.12"]
[Round "8"]
[White "Rusnak, Jan"]
[Black "Sobotnik, Petr"]
[Result "1-0"]
[WhiteElo "1995"]
[BlackElo "1996"]
[PlyCount "89"]
[EventDate "2013.05.07"]
[EventType "swiss"]
[EventRounds "8"]
[EventCountry "CZE"]
[SourceTitle "CBM 154 Extra"]
[Source "ChessBase"]
[SourceDate "2013.06.25"]
[SourceVersion "2"]
[SourceVersionDate "2013.06.25"]
[SourceQuality "1"]

1. e4 c6 2. Nc3 d5 3. Nf3 Bg4 4. exd5 cxd5 5. d4 e6 6. Be2 Nc6 7. Ne5 Bxe2 8. Nxe2 Nxe5 9. dxe5 Ne7 10. 0-0 Nc6 11. f4 Bc5+ 12. Kh1 0-0 13. Rf3 f6 14. exf6 Rxf6 15. c3 Qe7 16. Be3 Raf8 17. Qd2 Kh8 18. Re1 g5 19. b4 Bxe3 20. Qxe3 g4 21. Rg3 d4 22. cxd4 Qxb4 23. Rf1 Qc4 24. Qd3 Qxd3 25. Rxd3 e5 26. dxe5 Nxe5 27. Rd5 Nc4 28. Rd7 Re8 29. Ng3 Nd6 30. Kg1 Rc8 31. Rd1 Ne8 32. f5 Ra6 33. Rd8 Rac6 34. R1d7 Kg8 35. Ne4 Rc1+ 36. Kf2 Rxd8 37. Rxd8 Kf7 38. Rd7+ Kf8 39. Rxh7 Rc2+ 40. Kg3 Rxa2 41. Rxb7 Re2 42. Ng5 a5 43. f6 Re5 44. Nh7+ Kg8 45. f7+ 1-0

[Event "Janske Lazne op"]
[Site "Janske Lazne"]
[Date "2013.05.09"]
[Round "5"]
[White "Plchot, Miroslav"]
[Black "Rusnak, Jan"]
[Result "0-1"]
[WhiteElo "1881"]
[BlackElo "1995"]
[PlyCount "82"]
[EventDate "2013.05.07"]
[EventType "swiss"]
[EventRounds "8"]
[EventCountry "CZE"]
[SourceTitle "CBM 154 Extra"]
[Source "ChessBase"]
[SourceDate "2013.06.25"]
[SourceVersion "2"]
[SourceVersionDate "2013.06.25"]
[SourceQuality "1"]

1. c4 b6 2. Nc3 Bb7 3. Nf3 e6 4. d4 Nf6 5. e3 d5 6. cxd5 Nxd5 7. Nxd5 Qxd5 8. Be2 Bd6 9. Bd3 Nd7 10. e4 Qh5 11. Ng5 Bb4+ 12. Bd2 Qxg5 13. Bxb4 Qxg2 14. Rf1 Bxe4 15. Qc2 Bxd3 16. Qxd3 Qd5 17. 0-0-0 Qxa2 18. Ba3 Qd5 19. Qg3 0-0-0 20. Kb1 g6 21. Rfe1 Kb7 22. Ka1 Rhe8 23. Rc1 Rc8 24. Red1 a5 25. Rd3 b5 26. Bc5 c6 27. Ra3 Ra8 28. Rac3 Ra6 29. Qf4 e5 30. dxe5 Rxe5 31. Qg3 Re4 32. Rd3 Ra4+ 33. Ba3 Rd4 34. Rcd1 c5 35. Rxd4 cxd4 36. Qh4 Rc6 37. Kb1 b4 38. Rxd4 Qf5+ 39. Ka1 Rc1+ 40. Ka2 Qb1+ 41. Kb3 Qc2+ 0-1

[Event "Janske Lazne op"]
[Site "Janske Lazne"]
[Date "2013.05.09"]
[Round "4"]
[White "Rusnak, Jan"]
[Black "Kaisler, Martin"]
[Result "1/2-1/2"]
[WhiteElo "1995"]
[BlackElo "2080"]
[PlyCount "30"]
[EventDate "2013.05.07"]
[EventType "swiss"]
[EventRounds "8"]
[EventCountry "CZE"]
[SourceTitle "CBM 154 Extra"]
[Source "ChessBase"]
[SourceDate "2013.06.25"]
[SourceVersion "2"]
[SourceVersionDate "2013.06.25"]
[SourceQuality "1"]

1. e4 e6 2. d4 d5 3. exd5 exd5 4. c4 Bb4+ 5. Nc3 Nf6 6. Nf3 0-0 7. Be2 Bg4 8. 0-0 c6 9. Qb3 Qe7 10. Be3 dxc4 11. Qxc4 Nbd7 12. Bg5 Rae8 13. Ne5 Bxc3 14. Bxf6 Nxf6 15. bxc3 Bxe2 1/2-1/2

[Event "CZE-chT2B 1213"]
[Site "Czech Republic"]
[Date "2012.12.16"]
[Round "5.4"]
[White "Rusnak, Jan"]
[Black "Postupa, Pavel1111"]
[Result "0-1"]
[WhiteElo "1973"]
[BlackElo "2146"]
[PlyCount "58"]
[EventDate "2012.10.14"]
[EventType "team-tourn"]
[EventRounds "11"]
[EventCountry "CZE"]
[SourceTitle "EXT 2015"]
[Source "ChessBase"]
[SourceDate "2014.11.20"]
[SourceVersion "1"]
[SourceVersionDate "2014.11.20"]
[SourceQuality "1"]
[WhiteTeam "Horice"]
[BlackTeam "Lysa nad Labem III"]
[WhiteTeamCountry "CZE"]
[BlackTeamCountry "CZE"]

1. e4 c5 2. c3 d5 3. exd5 Qxd5 4. d4 Nf6 5. Nf3 Bg4 6. Be2 cxd4 7. cxd4 e6 8. Nc3 Bb4 9. 0-0 Qa5 10. Qb3 0-0 11. a3 Bxc3 12. bxc3 Nbd7 13. c4 Qc7 14. Be3 Nb6 15. Rac1 Rac8 16. h3 Bh5 17. g4 Bg6 18. Ne5 Nfd7 19. f4 Be4 20. c5 Nd5 21. c6 N7b6 22. cxb7 Qxb7 23. f5 f6 24. Nc4 Qb8 25. Bd2 exf5 26. Rxf5 Bxf5 27. Nxb6 Rxc1+ 28. Bxc1 Be6 29. Bc4 Qxb6 0-1

[Event "CZE-chT2B 1213"]
[Site "Czech Republic"]
[Date "2012.10.14"]
[Round "1.5"]
[White "Kansky, Pavel"]
[Black "Rusnak, Jan"]
[Result "1-0"]
[WhiteElo "2080"]
[BlackElo "1973"]
[PlyCount "57"]
[EventDate "2012.10.14"]
[EventType "team-tourn"]
[EventRounds "11"]
[EventCountry "CZE"]
[SourceTitle "EXT 2015"]
[Source "ChessBase"]
[SourceDate "2014.11.20"]
[SourceVersion "1"]
[SourceVersionDate "2014.11.20"]
[SourceQuality "1"]
[WhiteTeam "Decin"]
[BlackTeam "Horice"]
[WhiteTeamCountry "CZE"]
[BlackTeamCountry "CZE"]

1. c4 e5 2. Nc3 Nf6 3. g3 d5 4. cxd5 Nxd5 5. Bg2 c6 6. Qb3 Nb4 7. Nf3 Be6 8. Qa4 f6 9. 0-0 Qd7 10. a3 Nd5 11. b4 Nxc3 12. dxc3 Bc4 13. Qc2 Qf7 14. Re1 Bb3 15. Qd3 Bc4 16. Qe3 Nd7 17. Bb2 Nb6 18. a4 Bb3 19. Nd2 Bxa4 20. f4 Bd6 21. fxe5 Bxe5 22. c4 Bc2 23. Bxe5 fxe5 24. Qxb6 axb6 25. Rxa8+ Kd7 26. Rxh8 Qe7 27. Bh3+ Kd6 28. c5+ bxc5 29. Nc4+ 1-0

[Event "CZE-chT2C 1112"]
[Site "Czech Republic"]
[Date "2012.03.25"]
[Round "10.6"]
[White "Starek, Stanislav"]
[Black "Rusnak, Jan"]
[Result "0-1"]
[WhiteElo "1978"]
[BlackElo "2039"]
[PlyCount "60"]
[EventDate "2011.10.09"]
[EventType "team-tourn"]
[EventRounds "11"]
[EventCountry "CZE"]
[SourceTitle "EXT 2013"]
[Source "ChessBase"]
[SourceDate "2012.11.22"]
[SourceVersion "1"]
[SourceVersionDate "2012.11.22"]
[SourceQuality "1"]
[WhiteTeam "Ricany"]
[BlackTeam "Horice"]
[WhiteTeamCountry "CZE"]
[BlackTeamCountry "CZE"]

1. d4 e6 2. Nf3 b6 3. Bf4 Bb7 4. e3 d5 5. Bd3 Bd6 6. Ne5 Nd7 7. Nd2 Bxe5 8. dxe5 c5 9. Qg4 g6 10. Bb5 a6 11. Bg5 Qc7 12. Bxd7+ Qxd7 13. 0-0-0 Qb5 14. Qh4 Qa5 15. Kb1 b5 16. Nf3 d4 17. exd4 Bd5 18. b3 c4 19. Bd2 b4 20. Ng5 Ne7 21. Qf4 0-0-0 22. Nxf7 Bxg2 23. Nxh8 Nd5 24. Qg3 Be4 25. Nf7 Bxc2+ 26. Kxc2 Qxa2+ 27. Kc1 c3 28. Bxc3 bxc3 29. Rd3 Qb2+ 30. Kd1 c2+ 0-1

[Event "CZE-chT2C 1112"]
[Site "Czech Republic"]
[Date "2012.02.05"]
[Round "7.5"]
[White "Jandovsky, Viktor"]
[Black "Rusnak, Jan"]
[Result "1-0"]
[WhiteElo "2163"]
[BlackElo "2039"]
[PlyCount "161"]
[EventDate "2011.10.09"]
[EventType "team-tourn"]
[EventRounds "11"]
[EventCountry "CZE"]
[SourceTitle "EXT 2013"]
[Source "ChessBase"]
[SourceDate "2012.11.22"]
[SourceVersion "1"]
[SourceVersionDate "2012.11.22"]
[SourceQuality "1"]
[WhiteTeam "Pankrac II"]
[BlackTeam "Horice"]
[WhiteTeamCountry "CZE"]
[BlackTeamCountry "CZE"]

1. e4 Nf6 2. e5 Nd5 3. d4 d6 4. Nf3 g6 5. c4 Nb6 6. Be3 Bg7 7. Nc3 dxe5 8. Nxe5 Bxe5 9. dxe5 Qxd1+ 10. Rxd1 Nc6 11. Nb5 0-0 12. Nxc7 Rb8 13. Bh6 Rd8 14. Rxd8+ Nxd8 15. Be2 Nc6 16. Bf4 e6 17. Ne8 Na4 18. Bc1 Nd4 19. Bd3 b5 20. cxb5 Bb7 21. Nf6+ Kg7 22. 0-0 Nc5 23. Bc4 Bd5 24. Nxd5 exd5 25. Be3 dxc4 26. Bxd4 Rxb5 27. e6+ Kf8 28. exf7 Kxf7 29. Rc1 Ne6 30. Bc3 Nf4 31. Kf1 Nd3 32. Rc2 Rb6 33. g3 a6 34. Bd4 Rb4 35. Ke2 Ke6 36. a3 Rb3 37. Rxc4 Kd5 38. Ra4 Nxb2 39. Bxb2 Rxb2+ 40. Ke3 Rb6 41. h4 Re6+ 42. Kf4 h6 43. Kg4 Ke5 44. Rf4 Rc6 45. h5 g5 46. Rf8 Ke6 47. Rh8 Kf7 48. Rh7+ Kg8 49. Ra7 Rc4+ 50. Kf5 Rc5+ 51. Kg4 Rc4+ 52. f4 Ra4 53. Kf5 gxf4 54. Kg6 Kf8 55. Rf7+ Kg8 56. Rxf4 Rxa3 57. g4 Rb3 58. Kxh6 Rb6+ 59. Kg5 Kg7 60. Rc4 Rb5+ 61. Kh4 a5 62. Rc7+ Kh6 63. Rc6+ Kh7 64. Ra6 Rc5 65. h6 Rc1 66. Kh5 Rc5+ 67. g5 Rb5 68. Ra7+ Kh8 69. Kg6 Rb6+ 70. Kf7 Kh7 71. Rxa5 Rb7+ 72. Kf6 Rb6+ 73. Kf5 Rb1 74. Ra7+ Kh8 75. g6 Rb5+ 76. Ke4 Rb8 77. Rd7 Rb4+ 78. Ke5 Rb5+ 79. Ke6 Rb6+ 80. Rd6 Rb8 81. Ke7 1-0

[Event "CZE-chT2C 1112"]
[Site "Czech Republic"]
[Date "2011.10.09"]
[Round "1.8"]
[White "Rusnak, Jan"]
[Black "Rydl, Jiri"]
[Result "0-1"]
[WhiteElo "2039"]
[BlackElo "2017"]
[PlyCount "128"]
[EventDate "2011.10.09"]
[EventType "team-tourn"]
[EventRounds "11"]
[EventCountry "CZE"]
[SourceTitle "EXT 2013"]
[Source "ChessBase"]
[SourceDate "2012.11.22"]
[SourceVersion "1"]
[SourceVersionDate "2012.11.22"]
[SourceQuality "1"]
[WhiteTeam "Horice"]
[BlackTeam "Vlasim"]
[WhiteTeamCountry "CZE"]
[BlackTeamCountry "CZE"]

1. e4 d6 2. d4 Nf6 3. f3 e5 4. c3 c6 5. Bc4 Qc7 6. Ne2 g6 7. Be3 b5 8. Bb3 Nbd7 9. 0-0 Bg7 10. Qd2 0-0 11. Bh6 Bb7 12. Ng3 Bxh6 13. Qxh6 c5 14. d5 c4 15. Bc2 Kh8 16. h3 Ng8 17. Qe3 Qb6 18. Qxb6 axb6 19. Na3 Ba6 20. f4 Kg7 21. fxe5 dxe5 22. Rf3 Ne7 23. Rd1 Rad8 24. b4 Nc8 25. Kf2 Nd6 26. Ke3 Bb7 27. Nb1 Ra8 28. a3 Nf6 29. Ne2 Ng8 30. g4 f6 31. Ng3 Nh6 32. Rdf1 Rf7 33. Rd1 Bc8 34. Rdf1 Bd7 35. R1f2 Bxg4 36. hxg4 Nxg4+ 37. Ke2 Nxf2 38. Kxf2 h5 39. Ke3 h4 40. Nf1 f5 41. exf5 gxf5 42. Rh3 Rh8 43. Nbd2 Kf6 44. Nf3 Ra7 45. Rxh4 Rxh4 46. Nxh4 Rxa3 47. Kd2 Kg5 48. Nf3+ Kf4 49. Nh4 e4 50. Ng6+ Kf3 51. Bd1+ Kf2 52. Ne3 Ra2+ 53. Bc2 Ra7 54. Nxf5 Nxf5 55. Bxe4 Nd6 56. Bc2 Nf7 57. Bf5 Kf3 58. Be6 Ra2+ 59. Kc1 Nd6 60. Ne5+ Ke4 61. Nf7 Nxf7 62. Bxf7 Kd3 63. Be8 Kxc3 64. Kb1 Rd2 0-1

[Event "CZE-chT2D 1011"]
[Site "Czech Republic"]
[Date "2011.01.23"]
[Round "6"]
[White "Rusnak, Jan"]
[Black "Komarek, David"]
[Result "1/2-1/2"]
[WhiteElo "2031"]
[BlackElo "2154"]
[PlyCount "40"]
[EventDate "2010.10.17"]
[EventType "team-tourn"]
[EventRounds "11"]
[EventCountry "CZE"]
[SourceTitle "EXT 2012"]
[Source "ChessBase"]
[SourceDate "2011.11.24"]
[SourceVersion "1"]
[SourceVersionDate "2011.11.24"]
[SourceQuality "1"]
[WhiteTeam "Vysoke Myto"]
[BlackTeam "Chrudim"]
[WhiteTeamCountry "CZE"]
[BlackTeamCountry "CZE"]

1. e4 e6 2. d4 d5 3. exd5 exd5 4. c4 Nf6 5. Nf3 Bb4+ 6. Nc3 0-0 7. Be2 dxc4 8. Bxc4 Qe7+ 9. Ne5 Nc6 10. f4 Bg4 11. Qd3 Rad8 12. Be3 Nxd4 13. Bxd4 c5 14. 0-0 cxd4 15. Ne4 Be6 16. Bxe6 Qxe6 17. Ng5 Qb6 18. Rf3 Rd5 19. Rh3 Qb5 20. Nxh7 Qxd3 1/2-1/2

[Event "CZE-chT2D 1011"]
[Site "Czech Republic"]
[Date "2011.01.09"]
[Round "5"]
[White "Rusnak, Jan"]
[Black "Hajek, Lukas"]
[Result "0-1"]
[WhiteElo "2031"]
[BlackElo "2089"]
[PlyCount "36"]
[EventDate "2010.10.17"]
[EventType "team-tourn"]
[EventRounds "11"]
[EventCountry "CZE"]
[SourceTitle "EXT 2012"]
[Source "ChessBase"]
[SourceDate "2011.11.24"]
[SourceVersion "1"]
[SourceVersionDate "2011.11.24"]
[SourceQuality "1"]
[WhiteTeam "Vysoke Myto"]
[BlackTeam "Zajecice"]
[WhiteTeamCountry "CZE"]
[BlackTeamCountry "CZE"]

1. e4 c6 2. Nc3 d5 3. Nf3 dxe4 4. Nxe4 Nf6 5. Qe2 Bf5 6. d3 e6 7. Ng3 Bg6 8. h4 h6 9. Ne5 Bh7 10. Bd2 Nbd7 11. Bc3 Nd5 12. Bd2 Be7 13. Nh5 Rg8 14. g3 Bd6 15. Nxd7 Qxd7 16. c4 Nb4 17. Bxh6 Nxd3+ 18. Kd1 Be5 0-1

[Event "CZE-chT2D 1011"]
[Site "Czech Republic"]
[Date "2010.12.05"]
[Round "4"]
[White "Rusnak, Jan"]
[Black "Vojtech, Ladislav"]
[Result "1-0"]
[WhiteElo "2031"]
[BlackElo "2093"]
[PlyCount "73"]
[EventDate "2010.10.17"]
[EventType "team-tourn"]
[EventRounds "11"]
[EventCountry "CZE"]
[SourceTitle "EXT 2012"]
[Source "ChessBase"]
[SourceDate "2011.11.24"]
[SourceVersion "1"]
[SourceVersionDate "2011.11.24"]
[SourceQuality "1"]
[WhiteTeam "Vysoke Myto"]
[BlackTeam "Trebic Caissa II"]
[WhiteTeamCountry "CZE"]
[BlackTeamCountry "CZE"]

1. e4 e5 2. Nc3 Nc6 3. Bc4 Bc5 4. Qg4 g6 5. Qf3 Nf6 6. Nge2 d6 7. h3 Na5 8. d4 h6 9. Nd5 Nh5 10. dxc5 Nxc4 11. Qc3 c6 12. Nb4 Be6 13. b3 dxc5 14. Nd3 Nd6 15. Qxe5 Rh7 16. Bb2 b6 17. 0-0-0 Qe7 18. Nxc5 Nc4 19. bxc4 Qxc5 20. g4 Qxe5 21. Bxe5 Ng7 22. Nd4 Bxc4 23. Nxc6 Bxa2 24. Bb8 Ne6 25. f4 f6 26. f5 gxf5 27. exf5 Ng5 28. Rhe1+ Kf8 29. Rd8+ Kg7 30. Re7+ Nf7 31. Kb2 Bc4 32. Kc3 b5 33. Bxa7 Rxd8 34. Nxd8 Kf8 35. Bc5 Kg8 36. Re8+ Kg7 37. Bf8+ 1-0

[Event "Sec Svetla op"]
[Site "Sec u Chrudimi"]
[Date "2008.10.28"]
[Round "4"]
[White "Rusnak, Jan"]
[Black "Hlavac, Rudolf"]
[Result "0-1"]
[WhiteElo "1980"]
[BlackElo "2068"]
[PlyCount "50"]
[EventDate "2008.10.25"]
[EventType "swiss"]
[EventRounds "9"]
[EventCountry "CZE"]
[SourceTitle "EXT 2023"]
[Source "ChessBase"]
[SourceDate "2022.10.05"]
[SourceVersion "1"]
[SourceVersionDate "2022.10.05"]
[SourceQuality "1"]

1. e4 c5 2. c3 Nf6 3. e5 Nd5 4. d4 cxd4 5. cxd4 d6 6. exd6 Qxd6 7. Nc3 g6 8. Bc4 Nb6 9. Bb3 Bg7 10. Nge2 0-0 11. Bf4 Qb4 12. a3 Qa5 13. Qd2 e5 14. dxe5 Re8 15. h4 Nc6 16. h5 Bf5 17. e6 Bxe6 18. Bxe6 Rxe6 19. hxg6 hxg6 20. 0-0-0 Rd8 21. Qxd8+ Nxd8 22. Rxd8+ Bf8 23. Bh6 Nd7 24. Rxd7 Bxh6+ 25. Rxh6 Qg5+ 0-1

[Event "Sec Svetla op"]
[Site "Sec u Chrudimi"]
[Date "2008.10.27"]
[Round "3"]
[White "Svach, Jan"]
[Black "Rusnak, Jan"]
[Result "0-1"]
[WhiteElo "1763"]
[BlackElo "1980"]
[PlyCount "34"]
[EventDate "2008.10.25"]
[EventType "swiss"]
[EventRounds "9"]
[EventCountry "CZE"]
[SourceTitle "EXT 2023"]
[Source "ChessBase"]
[SourceDate "2022.10.05"]
[SourceVersion "1"]
[SourceVersionDate "2022.10.05"]
[SourceQuality "1"]

1. e4 e5 2. f4 exf4 3. Nf3 d6 4. Bc4 Be6 5. Bb3 g5 6. 0-0 Bg7 7. d4 Bxb3 8. axb3 Nh6 9. Nc3 0-0 10. Ne2 f5 11. Qd3 Qe7 12. exf5 Nxf5 13. Ra5 g4 14. Ne1 Nc6 15. Ra4 Rae8 16. Nxf4 Bxd4+ 17. Rxd4 Nfxd4 0-1

[Event "CZE-ch Juniors op-A"]
[Site "Sec u Chrudimi"]
[Date "2008.03.13"]
[Round "7"]
[White "Schmalz, Michal"]
[Black "Rusnak, Jan"]
[Result "1-0"]
[WhiteElo "1860"]
[BlackElo "2003"]
[PlyCount "121"]
[EventDate "2008.03.08"]
[EventType "swiss"]
[EventRounds "9"]
[EventCountry "CZE"]
[SourceTitle "EXT 2009"]
[Source "ChessBase"]
[SourceDate "2008.11.26"]
[SourceVersion "1"]
[SourceVersionDate "2008.11.26"]
[SourceQuality "1"]

1. e4 e6 2. d4 d5 3. Nd2 c5 4. Ngf3 Nf6 5. exd5 exd5 6. dxc5 Bxc5 7. Nb3 0-0 8. Nxc5 Qa5+ 9. c3 Qxc5 10. Be3 Re8 11. Be2 Qe7 12. Nd4 Nc6 13. 0-0 Ne4 14. Re1 Be6 15. f3 Nd6 16. Bd3 Qf6 17. Qc2 h6 18. Rad1 Rac8 19. Qf2 a6 20. Nxc6 bxc6 21. Bd4 Qe7 22. Qg3 Qf8 23. Bxg7 Qxg7 24. Qxd6 Red8 25. Qe5 Qxe5 26. Rxe5 d4 27. cxd4 Bxa2 28. Bxa6 Rb8 29. Rc5 Rxb2 30. Rxc6 Rb4 31. Rc8 Rxc8 32. Bxc8 Bd5 33. Rd2 Kg7 34. Kf2 Kf6 35. Kg3 Kg5 36. h4+ Kf6 37. Kf4 Rb3 38. Bf5 Rb5 39. Be4 Be6 40. g4 Ke7 41. d5 Bd7 42. Ra2 f6 43. Ra8 h5 44. g5 fxg5+ 45. Kxg5 Be6 46. Ra7+ Ke8 47. Kxh5 Bxd5 48. Bxd5 Rxd5+ 49. Kg4 Kf8 50. f4 Rd1 51. Kg5 Rg1+ 52. Kf6 Kg8 53. Ra5 Rh1 54. Kg6 Rg1+ 55. Rg5 Ra1 56. f5 Ra6+ 57. f6 Ra1 58. h5 Rf1 59. h6 Rh1 60. f7+ Kf8 61. h7 1-0